| 000 | 00583nam a2200217Ia 4500 | ||
|---|---|---|---|
| 999 |
_c27828 _d27828 |
||
| 003 | 0100 | ||
| 005 | 20180308143900.0 | ||
| 008 | 130303s9999 xx 000 0 und d | ||
| 040 | _cARRUPELIB | ||
| 050 | _aDT962.42.C49 | ||
| 100 |
_aChavunduka, G.L _914788 |
||
| 245 | _aTraditional healers and the Shona patient / | ||
| 260 |
_aGwelo, Rhodesia _bMambo Press _c1978 |
||
| 300 | _axi | ||
| 300 | _b 139p. 22cm | ||
| 650 |
_bShona (African people) _xMedicine _926443 |
||
| 650 |
_aHealers _zZimbabwe _926444 |
||
| 700 |
_aG.L Chavunduka _926445 |
||
| 942 | 0 | 0 |
_01 _2lcc _cMONOGRAPH |